O principezinho (Registo nº 26957)
[ vista simples ]
| 000 -Etiqueta do registo | |
|---|---|
| Valores | 00527nam a2200181 4500 |
| 021 ## - Número do Depósito Legal | |
| Número | 15509/87 |
| 090 ## - | |
| -- | 26957 |
| 100 ## - Dados gerais de processamento | |
| Dados gerais | 20051124d1987 cd y0pory5003 ba |
| 200 1# - Titulo e menção de responsabilidade | |
| Título próprio | O principezinho |
| Primeira menção de responsabilidade | Antoine de Saint-Exupéry |
| Outras menções de responsabilidade | trad. Joana Morais Varela |
| 205 ## - Menção da edição | |
| Edição | 22ª ed |
| 210 ## - Publicação | |
| Local de publicação | Lisboa |
| Nome do editor | Editorial Presesnça |
| Data de publicação | 2002 |
| 215 ## - Descrição física | |
| Paginação / Volumes | 93 [3] p. |
| Outras indicações físicas | il. |
| Dimensões | 22 cm |
| 304 ## - Nota relativa ao título | |
| Texto de nota | Tít. orig.: Le petit prince |
| 675 ## - CDU | |
| Notação | 087.5 |
| Edição | BN |
| Língua | por |
| 700 #1 - Autor principal (pessoa individual) | |
| Apelido | Saint-Exupéry |
| Nome | Antoine de |
| Datas | 1900-1944 |
| 702 #1 - Autor secundário (pessoa individual) | |
| Apelido | Varela |
| Nome | Joana |
| 990 ## - Elementos KOHA | |
| Tipo de documento | Livro |
| 995 ## - Localização e informação dos exemplares | |
| -- | 18 |
| 995 ## - Localização e informação dos exemplares | |
| -- | 18 |
| Situação do levantamento | Estado | Biblioteca de origem | Biblioteca de empréstimo | Código de barras | Cota | Permissão de empréstimo | Tipo de documento |
|---|---|---|---|---|---|---|---|
| Completo | Biblioteca da Escola Básica de Aguiar | Biblioteca da Escola Básica de Aguiar | 539BA | 087.5 SAI | Disponível | Livro | |
| Completo | Biblioteca da Escola Básica e Secundária Dr Isidoro de Sousa | Biblioteca da Escola Básica e Secundária Dr Isidoro de Sousa | 1271EV | 087.5 SAI | Disponível | Livro |